|
|
|
|
| LEADER |
00000cam a22000002c 4500 |
| 001 |
1912576996 |
| 003 |
DE-627 |
| 005 |
20250113054953.0 |
| 007 |
cr uuu---uuuuu |
| 008 |
241217s2020 xx |||||o 00| ||eng c |
| 024 |
7 |
|
|a 10.2139/ssrn.3962487
|2 doi
|
| 035 |
|
|
|a (DE-627)1912576996
|
| 035 |
|
|
|a (DE-599)KXP1912576996
|
| 040 |
|
|
|a DE-627
|b ger
|c DE-627
|e rda
|
| 041 |
|
|
|a eng
|
| 084 |
|
|
|a 2,1
|2 ssgn
|
| 100 |
1 |
|
|a Rickard, Erika J.
|e VerfasserIn
|4 aut
|
| 245 |
1 |
0 |
|a How Debt Collectors Are Transforming the Business of State Courts
|
| 264 |
|
1 |
|a [Erscheinungsort nicht ermittelbar]
|b Pew Charitable Trusts
|c 2020
|
| 336 |
|
|
|a Text
|b txt
|2 rdacontent
|
| 337 |
|
|
|a Computermedien
|b c
|2 rdamedia
|
| 338 |
|
|
|a Online-Ressource
|b cr
|2 rdacarrier
|
| 787 |
0 |
8 |
|i Forschungsdaten
|a National Center for State Courts
|t State Court Statistics, 2010
|d [Erscheinungsort nicht ermittelbar] : [Verlag nicht ermittelbar], 2014
|w (DE-627)184004635X
|
| 787 |
0 |
8 |
|i Forschungsdaten
|a National Center for State Courts
|t State Court Statistics, 2009
|d [Erscheinungsort nicht ermittelbar] : [Verlag nicht ermittelbar], 2012
|w (DE-627)1840049146
|
| 787 |
0 |
8 |
|i Forschungsdaten
|a National Center for State Courts
|t State Court Statistics, 2008
|d [Erscheinungsort nicht ermittelbar] : [Verlag nicht ermittelbar], 2012
|w (DE-627)1840049707
|
| 787 |
0 |
8 |
|i Forschungsdaten
|a National Center for State Courts
|t State Court Statistics, 2007
|d [Erscheinungsort nicht ermittelbar] : [Verlag nicht ermittelbar], 2012
|w (DE-627)1840049677
|
| 787 |
0 |
8 |
|i Forschungsdaten
|a National Center for State Courts
|t State Court Statistics, 2006
|d [Erscheinungsort nicht ermittelbar] : [Verlag nicht ermittelbar], 2012
|w (DE-627)1840049693
|
| 787 |
0 |
8 |
|i Forschungsdaten
|a National Center for State Courts
|t State Court Statistics, 2005
|d [Erscheinungsort nicht ermittelbar] : [Verlag nicht ermittelbar], 2012
|w (DE-627)1840049685
|
| 787 |
0 |
8 |
|i Forschungsdaten
|a National Center for State Courts
|t State Court Statistics, 2004: (United States)
|d [Erscheinungsort nicht ermittelbar] : [Verlag nicht ermittelbar], 2007
|w (DE-627)1840056762
|
| 787 |
0 |
8 |
|i Forschungsdaten
|a National Center for State Courts
|t State Court Statistics, 2003: (United States)
|d [Erscheinungsort nicht ermittelbar] : [Verlag nicht ermittelbar], 2007
|w (DE-627)1840056770
|
| 787 |
0 |
8 |
|i Forschungsdaten
|a National Center for State Courts
|t State Court Statistics, 2002: (United States)
|d [Erscheinungsort nicht ermittelbar] : [Verlag nicht ermittelbar], 2004
|w (DE-627)1840062053
|
| 787 |
0 |
8 |
|i Forschungsdaten
|a National Center for State Courts
|t State Court Statistics, 1985-2001: (United States)
|d [Erscheinungsort nicht ermittelbar] : [Verlag nicht ermittelbar], 1990
|w (DE-627)1840065818
|
| 856 |
4 |
0 |
|u https://doi.org/10.2139/ssrn.3962487
|x Resolving-System
|z lizenzpflichtig
|3 Volltext
|7 1
|
| 856 |
4 |
0 |
|u https://ssrn-com.proxy.lib.umich.edu/abstract=3962487
|x Verlag
|z lizenzpflichtig
|3 Volltext
|7 1
|
| 935 |
|
|
|a mkri
|
| 951 |
|
|
|a BO
|
| ELC |
|
|
|a 1
|
| LOK |
|
|
|0 000 xxxxxcx a22 zn 4500
|
| LOK |
|
|
|0 001 4637542499
|
| LOK |
|
|
|0 003 DE-627
|
| LOK |
|
|
|0 004 1912576996
|
| LOK |
|
|
|0 005 20241217044538
|
| LOK |
|
|
|0 008 241217||||||||||||||||ger|||||||
|
| LOK |
|
|
|0 035
|a (DE-2619)ICPSR177186
|
| LOK |
|
|
|0 040
|a DE-2619
|c DE-627
|d DE-2619
|
| LOK |
|
|
|0 092
|o n
|
| LOK |
|
|
|0 852
|a DE-2619
|
| LOK |
|
|
|0 852 1
|9 00
|
| LOK |
|
|
|0 935
|a nacp
|
| LOK |
|
|
|0 939
|a 17-12-24
|b l01
|
| OAS |
|
|
|a 1
|
| ORI |
|
|
|a SA-MARC-krimdoka001.raw
|